000
00331nam a2200121Ia 4500
008
231228s1998 xx 000 0 und d
041
_a
eng
082
_b
GOR
100
_a
GORGANI (K)
245
_a
Official Advanced Power Builder 6 : The Definitive Guide
260
_a
Moscow
_b
Moscow Progress Pub. B
_c
1998
300
_a
XXIV,612
999
_c
1084588
_d
1084588